000 00808nam a22001937a 4500
003 AM-YEHGA
040 _aAM-YeHGA
090 _c456735
005 20250617160452.0
008 201026b ||||| |||| 00| 0 rus d
041 0 _arus
100 1 _aТимирязев, Климент Аркадьевич
245 0 0 _aСтолетние итоги физиологии растений :
_bС прил. ст.: "Жан Сенебье, основатель физиологии растений" /
_cК. А. Тимирязев
260 _aМосква :
_bЛит.-изд. отд. Нар. ком. по просвещению,
_c1918
300 _a78 с.,
_bил.
440 0 _aНаучно-популярная библиотека
653 0 _aФизиология растений
942 _2udc
_cBK
999 _c453756
_d453756